Australian cities with pictures - Statistics

General Stats
  • This quiz has been taken 17 times
  • The average score is 12 of 16
Answer Stats
Picture Answer % Correct
Melbourne
100%
Sydney
100%
Adelaide
94%
Canberra
94%
Gold Coast
94%
Perth
94%
Hobart
88%
Alice Springs
82%
Brisbane
82%
Darwin
82%
Cairns
76%
Newcastle
65%
Townsville
65%
Geelong
47%
Wollongong
41%
Launceston
35%
No matching quizzes found
Score Distribution
Percent of People with Each Score
Percentile by Number Answered
Your Score History
You have not taken this quiz